Score 0/10 Timer 02:00
79 Plays Today
% Correct
'What I said was,
''Give me all the
bacon and eggs
you have.'''
-Ron Swanson
94.6%
'We have to remember
what's important in life:
friends, waffles, and work.'
-Leslie Knope
91.9%
'I strapped an
MP3 player to
one of those
floor-cleaning
robots. Call
him DJ Roomba.'
-Tom Haverford
91.9%
'Biking for
charity is
literally one
of my interests
on Facebook.'
-Chris Traeger
91.6%
'Now I have everyone
in city hall sending
me pictures of their
junk asking me if
they have mumps.'
-Ann Perkins
89.6%
'If I had an hour alone
with Robert Pattinson,
he would forget all
about Skinnylegs McGee.'
-Donna Meagle
89%
'I guess I kind of
hate most things,
but I never really
seem to hate you.'
-April Ludgate
88.4%
'I tried to
make ramen
in the coffee
pot & I broke
everything.'
-Andy Dwyer
86.9%
'Hogwarts is fictional.
You do know that,
don't you? It's
important to me
that you know that.'
-Ben Wyatt
83.1%
'I think that
comic sans
always screams
fun, right?'
-Jerry Gergich
69.8%
Remove Ads.
Support Sporcle.
Get the best of Sporcle when you Go Orange. This ad-free experience offers more features, more stats, and more fun while also helping to support Sporcle. Thank you for becoming a member.

You're not logged in!

Compare scores with friends on all Sporcle quizzes.
OR
Log In

Sporcle TV

Today on Sporcle TV


Watch our educational content, quiz creation guides, and fun videos on Sporcle TV.

Show Comments

Extras

Top Quizzes Today


Score Distribution

Paid Content

Your Account Isn't Verified!

In order to create a playlist on Sporcle, you need to verify the email address you used during registration. Go to your Sporcle Settings to finish the process.

Report this User

Report this user for behavior that violates our Community Guidelines.

Details: